Statistiques concernant Victoires de la Musique: Chanson originale

Cliquez ici pour prendre le quiz!

Statistiques générales

  • Ce quiz a été pris 338 fois
  • Le résultat moyen est 18 sur 29

Statistiques - réponses

Année Chanson récompensée Interprète % Correct
2002Sous le ventCéline Dion & Garou
96%
1996Pour que tu m'aimes encoreCéline Dion
92%
2003Manhattan-KaboulRenaud & Axelle Red
92%
1986Belle-Île-En-MerLaurent Voulzy
88%
2012JeanneLaurent Voulzy
88%
1990Quand j'serai KOAlain Souchon
86%
1994Foule sentimentaleAlain Souchon
86%
2006CaravaneRaphaël
84%
2008Double jeChristophe Willem
82%
2007Le dînerBénabar
79%
2005Si seulement je pouvais lui manquerCalogero
78%
2011Je veuxZaz
78%
1997AïchaKhaled
74%
2000Tomber la chemiseZebda
67%
1999BelleNotre-Dame de Paris (Garou, Daniel Lavoie, Patrick Fiori)
64%
2010Comme des enfantsCoeur de Pirate
62%
2009Comme un manouche sans guitareThomas Dutronc
62%
2004RespireMickey 3D
55%
1998L'homme presséNoir Désir
51%
1993Le chatPow woW
48%
2001L'envie d'aimerDaniel Lévy
46%
1991Fais-moi une placeJulien Clerc
45%
1985La boîte de jazzMichel Jonasz
42%
1988Né quelque partMaxime Le Forestier
41%
1992Un homme heureuxWilliam Sheller
40%
1987MusulmanesMichel Sardou
36%
201420 ansJohnny Hallyday
23%
1995Juste quelqu'un de bienEnzo Enzo
22%
2013Allez allez allezCamille
9%

Distribution des résultats

Percentile by Number Answered

% des personnes avec chaque résultat

Votre développement - résultats

Vous n’avez pas pris ce quiz